[Event "Dutch League 2023-24"]
[Site "Netherlands NED"]
[Date "2024.04.20"]
[Round "9.10"]
[White "Buscher, Michael"]
[Black "Wedda, Dries"]
[Result "1/2-1/2"]
[WhiteTitle "FM"]
[WhiteElo "2290"]
[BlackElo "2177"]
[WhiteTeam "Zuid Limburg"]
[BlackTeam "Groninger Combinatie"]
[WhiteFideId "4617533"]
[BlackFideId "1053787"]
[EventDate "2023.09.16"]
[EventType "team"]

1. d4 d5 2. c4 c6 3. cxd5 cxd5 4. Nc3 Nf6 5. Nf3 Nc6 6. Bf4 Bf5 7. e3 e6 8. Bb5
Nd7 9. O-O Be7 10. Rc1 Rc8 11. Na4 h5 12. Nc5 Nxc5 13. dxc5 g5 14. Be5 f6 15.
Bc3 e5 16. b4 Kf7 17. Ne1 b6 18. Bd2 Nb8 19. Be2 bxc5 20. bxc5 Bxc5 21. Bxh5+
Kg7 22. Bg4 Qd7 23. h3 Bb6 24. Nd3 Na6 25. Bxf5 Qxf5 26. Qg4 1/2-1/2

[Event "Dutch League 2023-24"]
[Site "Netherlands NED"]
[Date "2024.04.20"]
[Round "9.1"]
[White "Pijpers, Arthur"]
[Black "Dardha, Arben"]
[Result "1/2-1/2"]
[WhiteTitle "IM"]
[BlackTitle "FM"]
[WhiteElo "2466"]
[BlackElo "2299"]
[WhiteTeam "LSG IntelliMagic"]
[BlackTeam "Charlois Europoort"]
[WhiteFideId "1019554"]
[BlackFideId "4700481"]
[EventDate "2023.09.16"]
[EventType "team"]

1. e4 c5 2. Nf3 Nc6 3. d4 cxd4 4. Nxd4 Nf6 5. Nc3 e5 6. Nf5 d5 7. exd5 Bxf5 8.
dxc6 Qxd1+ 9. Nxd1 bxc6 10. Ne3 Be6 11. Nc4 1/2-1/2

[Event "Dutch League 2023-24"]
[Site "Netherlands NED"]
[Date "2024.04.20"]
[Round "9.2"]
[White "Vandenbussche, Thibaut"]
[Black "De Jong, Jan-Willem"]
[Result "0-1"]
[WhiteTitle "IM"]
[BlackTitle "IM"]
[WhiteElo "2428"]
[BlackElo "2408"]
[WhiteTeam "Charlois Europoort"]
[BlackTeam "LSG IntelliMagic"]
[WhiteFideId "204412"]
[BlackFideId "1008641"]
[EventDate "2023.09.16"]
[EventType "team"]

1. e4 e5 2. Nf3 Nc6 3. Bb5 a6 4. Bxc6 dxc6 5. O-O Bd6 6. d4 exd4 7. Qxd4 f6 8.
e5 fxe5 9. Nxe5 Qf6 10. Nd2 Ne7 11. Ndf3 h6 12. Nc4 Qxd4 13. Nxd4 O-O 14. Bd2
Nf5 15. Nb3 b6 16. Rfe1 a5 17. Nxd6 cxd6 18. Bc3 c5 19. a4 Ba6 20. Nd2 Rae8 21.
b3 Kf7 22. g4 Nh4 23. f4 Ng6 24. Ne4 Kg8 25. f5 Nf4 26. Nxd6 Re2 27. Be5 Nh3+
28. Kh1 Rxc2 29. Rac1 Nf2+ 30. Kg1 Rxc1 31. Kxf2 Rxe1 32. Kxe1 Bb7 33. Kd2 Bf3
34. h3 Bg2 35. Ke3 Bxh3 36. Kf4 Bf1 37. g5 hxg5+ 38. Kxg5 Bd3 39. f6 gxf6+ 40.
Bxf6 Bc2 41. Nc4 Kf7 42. Bc3 Rb8 43. Be5 Rg8+ 44. Kf4 Bxb3 45. Nxb6 Ke6 46. Bc3
Kd6 47. Bxa5 Kc6 48. Ke3 Rb8 49. Kd3 Rxb6 0-1

[Event "Dutch League 2023-24"]
[Site "Netherlands NED"]
[Date "2024.04.20"]
[Round "9.3"]
[White "Swinkels, Robin"]
[Black "Korneev, Oleg"]
[Result "1/2-1/2"]
[WhiteTitle "GM"]
[BlackTitle "GM"]
[WhiteElo "2510"]
[BlackElo "2481"]
[WhiteTeam "LSG IntelliMagic"]
[BlackTeam "Charlois Europoort"]
[WhiteFideId "1010824"]
[BlackFideId "4156803"]
[EventDate "2023.09.16"]
[EventType "team"]

1. d4 d5 2. c4 c6 3. Nf3 Nf6 4. g3 Bf5 5. Nc3 e6 6. Qb3 Qb6 7. c5 Qxb3 8. axb3
Be7 9. Bf4 O-O 10. h3 Be4 11. Nxe4 Nxe4 12. Ne5 f6 13. Nd3 e5 1/2-1/2

[Event "Dutch League 2023-24"]
[Site "Netherlands NED"]
[Date "2024.04.20"]
[Round "9.4"]
[White "Kunin, Vitaly"]
[Black "Van Haastert, Edwin"]
[Result "1/2-1/2"]
[WhiteTitle "GM"]
[BlackTitle "IM"]
[WhiteElo "2528"]
[BlackElo "2426"]
[WhiteTeam "Charlois Europoort"]
[BlackTeam "LSG IntelliMagic"]
[WhiteFideId "4128737"]
[BlackFideId "1003992"]
[EventDate "2023.09.16"]
[EventType "team"]

1. d4 d5 2. c4 dxc4 3. Nf3 Nf6 4. e3 e6 5. Bxc4 a6 6. a4 c5 7. O-O Nc6 8. Nc3
cxd4 9. exd4 Be7 10. Qd2 O-O 11. Rd1 Nb4 12. Qg5 Bd7 13. Ne5 Bc6 14. Qg3 Bd5 15.
Bh6 Ne8 16. Nxd5 exd5 17. Bf1 Bd6 18. Bf4 f6 19. Ng4 Bxf4 20. Qxf4 a5 21. Ra3
Rc8 22. Rg3 Nd6 23. h4 Ne4 24. Re3 Qc7 25. Qf5 Qc2 26. Rde1 g6 27. Qe6+ Kg7 28.
f3 Rc6 29. Qe7+ Rf7 30. Qd8 f5 31. R3e2 fxg4 32. Rxc2 Nxc2 33. Rc1 gxf3 34. gxf3
Nxd4 35. Rxc6 Nxf3+ 36. Kg2 bxc6 37. Be2 Nd4 38. Bd1 Nf5 39. Be2 Nd4 40. Bd1 Ne6
41. Qb8 Nf4+ 42. Kf3 Nd2+ 43. Ke3 Nc4+ 44. Kd4 Ne6+ 45. Kc3 Kf6 46. Bg4 Ne5 47.
Bxe6 Kxe6 48. Qc8+ Kd6 49. Qd8+ Ke6 50. Qe8+ Kd6 51. Qd8+ Ke6 52. b3 Rf3+ 53.
Kc2 Rf2+ 54. Kb1 Nf3 55. Qc8+ Kd6 56. Qb8+ Ke6 57. Qb6 Rf1+ 58. Kb2 Ne5 59. Qxa5
d4 60. Qd8 Nd3+ 61. Ka2 Nb4+ 62. Ka3 c5 63. Qc8+ Kd6 64. Qb8+ Ke6 65. Qb6+ Kd5
66. Qb7+ Ke5 67. a5 Ra1+ 68. Kb2 Ra2+ 69. Kb1 d3 70. Qe7+ Kd5 71. Qxh7 d2 72.
Qd7+ Ke4 73. a6 Ke3 74. Qe6+ Kf2 75. Qf6+ Ke2 76. Qe5+ Kd3 77. Qg3+ Kd4 78. Qg4+
Ke3 79. Qg3+ Kd4 80. Qg1+ Kd5 81. a7 Ke4 82. Qxg6+ Ke3 83. Qe6+ Kf2 84. Qf5+ Ke2
85. Qe5+ Kf1 86. Qf4+ Ke2 87. Qc4+ Ke1 88. Qe4+ Kf2 89. Qf4+ Ke2 90. Qg4+ Ke1
91. Qg1+ Ke2 92. Qg2+ Ke1 93. Qh1+ Ke2 94. Qe4+ Kf2 95. Qf4+ Ke2 96. Qc4+ Ke1
97. Qe6+ Kf2 98. Qf6+ Ke2 99. Qe7+ Kf1 100. Qf7+ Ke2 101. Qc4+ 1/2-1/2

[Event "Dutch League 2023-24"]
[Site "Netherlands NED"]
[Date "2024.04.20"]
[Round "9.5"]
[White "Jens, Jelmer"]
[Black "Werle, Jan"]
[Result "1/2-1/2"]
[WhiteTitle "IM"]
[BlackTitle "GM"]
[WhiteElo "2358"]
[BlackElo "2553"]
[WhiteTeam "LSG IntelliMagic"]
[BlackTeam "Charlois Europoort"]
[WhiteFideId "1007394"]
[BlackFideId "1006088"]
[EventDate "2023.09.16"]
[EventType "team"]

1. e4 e5 2. Bc4 Nf6 3. d3 Nc6 4. Nf3 Bc5 5. O-O h6 6. c3 d6 7. b4 Bb6 8. Nbd2
O-O 9. h3 Re8 10. Re1 a6 11. a4 Be6 12. Bxe6 Rxe6 13. Nc4 Ba7 14. Be3 Bxe3 15.
Nxe3 Ne7 16. Qc2 Ng6 17. Rad1 Qe8 18. a5 Rd8 19. Qb3 Qd7 20. Kh2 c6 21. Nc4 Qc7
22. g3 d5 23. Nb6 h5 24. Ng5 Red6 25. d4 Nxe4 26. Nxe4 dxe4 27. Rxe4 exd4 28.
cxd4 h4 29. Qe3 Rf6 30. Kg2 hxg3 31. fxg3 Rf5 32. Rc1 Qd6 33. Rc5 Qf6 34. Nc4
Rfd5 35. Rxd5 Rxd5 36. Ne5 Qd6 37. Nd3 Rb5 38. Re8+ Kh7 39. Qe4 Rd5 40. Ne5 Qxb4
41. Nxf7 Qd2+ 1/2-1/2

[Event "Dutch League 2023-24"]
[Site "Netherlands NED"]
[Date "2024.04.20"]
[Round "9.6"]
[White "Maerevoet, Sim"]
[Black "Smeets, Jan"]
[Result "0-1"]
[WhiteTitle "IM"]
[BlackTitle "GM"]
[WhiteElo "2442"]
[BlackElo "2539"]
[WhiteTeam "Charlois Europoort"]
[BlackTeam "LSG IntelliMagic"]
[WhiteFideId "241725"]
[BlackFideId "1007246"]
[EventDate "2023.09.16"]
[EventType "team"]

1. e4 c6 2. Nc3 d5 3. Nf3 Bg4 4. h3 Bxf3 5. Qxf3 e6 6. g3 Nf6 7. Bg2 d4 8. Nb1
e5 9. d3 c5 10. O-O Nc6 11. Qe2 h5 12. f4 Be7 13. Nd2 h4 14. Nc4 Nh5 15. Qg4
Nxg3 16. Rf2 Bf6 17. fxe5 Nxe5 18. Nxe5 Bxe5 19. Bg5 Qc8 20. Rf5 f6 21. Bxh4
Nxf5 22. exf5 g5 23. Bg3 Bxg3 24. Qxg3 Kd7 25. Bd5 Qc7 26. Be6+ Kd8 27. Qg2 Qe5
28. Kf1 Qf4+ 29. Ke2 Qe3+ 30. Kd1 Kc7 31. Qh2+ Qf4 0-1

[Event "Dutch League 2023-24"]
[Site "Netherlands NED"]
[Date "2024.04.20"]
[Round "9.7"]
[White "Van der Werf, Mark"]
[Black "Geirnaert, Steven"]
[Result "1-0"]
[WhiteTitle "IM"]
[BlackTitle "IM"]
[WhiteElo "2401"]
[BlackElo "2446"]
[WhiteTeam "LSG IntelliMagic"]
[BlackTeam "Charlois Europoort"]
[WhiteFideId "1000470"]
[BlackFideId "203866"]
[EventDate "2023.09.16"]
[EventType "team"]

1. d4 Nf6 2. c4 e6 3. Nc3 Bb4 4. e3 O-O 5. Bd3 d5 6. a3 Bxc3+ 7. bxc3 dxc4 8.
Bxc4 c5 9. Nf3 Qc7 10. Be2 Nbd7 11. O-O b6 12. Bb2 Bb7 13. c4 Ne4 14. Nd2 Nd6
15. Bd3 Qc6 16. Qg4 f5 17. Qh3 Rae8 18. Rad1 e5 19. d5 Qc8 20. f4 e4 21. Be2 b5
22. cxb5 c4 23. a4 c3 24. Ba3 c2 25. Rc1 Qc3 26. Bxd6 Qxd2 27. Bxf8 Qxe2 28. Ba3
Nf6 29. Bb2 Ng4 30. Rce1 Qd2 31. Qg3 Qb4 32. Bd4 Re7 33. h3 Nh6 34. Rc1 Qxa4 35.
d6 Rd7 36. Rf2 Qxb5 37. Rfxc2 Qa6 38. Rc7 Qxd6 39. Be5 1-0

[Event "Dutch League 2023-24"]
[Site "Netherlands NED"]
[Date "2024.04.20"]
[Round "9.8"]
[White "Praet, Maarten"]
[Black "Andringa, Arjo"]
[Result "1-0"]
[WhiteElo "2200"]
[BlackElo "1939"]
[WhiteTeam "Charlois Europoort"]
[BlackTeam "LSG IntelliMagic"]
[WhiteFideId "201294"]
[BlackFideId "1055240"]
[EventDate "2023.09.16"]
[EventType "team"]

1. e4 e5 2. Nf3 Nc6 3. d4 exd4 4. Nxd4 Bb4+ 5. c3 Bc5 6. Be3 Bb6 7. Nf5 Bxe3 8.
Nxe3 Nf6 9. f3 O-O 10. c4 d6 11. Nc3 Nd7 12. Qd2 Nc5 13. O-O-O f5 14. Nxf5 Bxf5
15. exf5 Rxf5 16. f4 Qd7 17. g3 Rff8 18. Bg2 a5 19. Qd5+ Rf7 20. h4 Nb4 21. Qh5
Ncd3+ 22. Kb1 Nf2 23. a3 Nxh1 24. Bxh1 Rf5 25. Qg4 Na6 26. Bxb7 Ra7 27. Bc6 Qc8
28. Nd5 Kf8 29. Re1 h5 30. Qg6 Rf7 31. Re6 Ra8 32. Qh7 Rxf4 33. Qh8+ Kf7 34.
Re7+ Kg6 35. Qxg7+ Kf5 36. Qg5# 1-0

[Event "Dutch League 2023-24"]
[Site "Netherlands NED"]
[Date "2024.04.20"]
[Round "9.9"]
[White "Willemze, Thomas"]
[Black "Glek, Igor"]
[Result "1-0"]
[WhiteTitle "IM"]
[BlackTitle "GM"]
[WhiteElo "2317"]
[BlackElo "2409"]
[WhiteTeam "LSG IntelliMagic"]
[BlackTeam "Charlois Europoort"]
[WhiteFideId "1007238"]
[BlackFideId "4100484"]
[EventDate "2023.09.16"]
[EventType "team"]

1. e4 c5 2. Nf3 a6 3. c3 e6 4. d4 d5 5. exd5 exd5 6. Bd3 Nc6 7. O-O cxd4 8. Re1+
Be7 9. Nxd4 Nf6 10. Nxc6 bxc6 11. Qe2 Bg4 12. f3 Be6 13. Be3 a5 14. Nd2 a4 15.
f4 O-O 16. f5 Bd7 17. g4 Re8 18. Qf3 h6 19. Qg2 Bd6 20. g5 Rxe3 21. Rxe3 Bc5 22.
Nf1 hxg5 23. Qxg5 Qb6 24. Kh1 Nh7 25. Qg3 Bxe3 26. Nxe3 Qxb2 27. Rg1 Qxc3 28.
Ng4 Be8 29. Ne5 Ng5 30. f6 1-0

[Event "Dutch League 2023-24"]
[Site "Netherlands NED"]
[Date "2024.04.20"]
[Round "9.10"]
[White "Kollen, Zyon"]
[Black "Vogt, Andreas"]
[Result "1-0"]
[WhiteTitle "FM"]
[BlackTitle "FM"]
[WhiteElo "2331"]
[BlackElo "2291"]
[WhiteTeam "Charlois Europoort"]
[BlackTeam "LSG IntelliMagic"]
[WhiteFideId "1024256"]
[BlackFideId "4629434"]
[EventDate "2023.09.16"]
[EventType "team"]

1. e4 e5 2. Nf3 Nc6 3. Bb5 a6 4. Ba4 Nf6 5. O-O Nxe4 6. d4 b5 7. Bb3 d5 8. dxe5
Be6 9. c3 Be7 10. Be3 Qd7 11. Nbd2 Nxd2 12. Qxd2 Na5 13. Bg5 Rd8 14. Rae1 c5 15.
Bc2 Nc6 16. Bxe7 Qxe7 17. a3 h6 18. b4 O-O 19. Qd3 g6 20. Qe3 Kg7 21. bxc5 Na5
22. Nd4 Nc4 23. Qf4 Qg5 24. Qxg5 hxg5 25. f4 Nxa3 26. Bd3 gxf4 27. Rxf4 Bc8 28.
Rf6 Nc4 29. Bxc4 dxc4 30. Rd6 Rde8 31. Kf2 Re7 32. h3 Rfe8 33. c6 Ra7 34. Kf3
Be6 35. Ke4 Kf8 36. Rf1 Rae7 37. Nxe6+ Rxe6 38. Rxe6 Rxe6 39. Kd5 Ke7 40. c7 1-0

[Event "Dutch League 2023-24"]
[Site "Netherlands NED"]
[Date "2024.04.20"]
[Round "9.1"]
[White "Geerke, Daan"]
[Black "Sokolov, Ivan"]
[Result "0-1"]
[BlackTitle "GM"]
[WhiteElo "2071"]
[BlackElo "2588"]
[WhiteTeam "De Waagtoren"]
[BlackTeam "Kennemer Combinatie"]
[WhiteFideId "1304526"]
[BlackFideId "14400030"]
[EventDate "2023.09.16"]
[EventType "team"]

1. Nf3 Nf6 2. d4 e6 3. Bf4 b6 4. e3 Bb7 5. Nbd2 d6 6. Be2 Nbd7 7. O-O g6 8. a4
a6 9. Nc4 Qe7 10. Bg3 Ne4 11. Bh4 g5 12. Bg3 h5 13. h3 Nxg3 14. fxg3 g4 15. hxg4
hxg4 16. Nh4 d5 17. Na3 Qg5 18. Rf4 Bd6 19. Qd3 Bxf4 20. exf4 Qg7 21. b4 Nf6 22.
a5 Ne4 23. Rd1 Qf6 24. Bxg4 Rg8 25. Bf3 Rxg3 0-1

[Event "Dutch League 2023-24"]
[Site "Netherlands NED"]
[Date "2024.04.20"]
[Round "9.2"]
[White "Schoppen, Casper"]
[Black "Van Liempt, Michael"]
[Result "1-0"]
[WhiteTitle "GM"]
[WhiteElo "2546"]
[BlackElo "2126"]
[WhiteTeam "Kennemer Combinatie"]
[BlackTeam "De Waagtoren"]
[WhiteFideId "1046730"]
[BlackFideId "1012665"]
[EventDate "2023.09.16"]
[EventType "team"]

1. e4 e6 2. d4 d5 3. Nc3 dxe4 4. Nxe4 Bd7 5. Nf3 Bc6 6. Bd3 Nd7 7. O-O Ngf6 8.
Ned2 Be7 9. Re1 b6 10. a4 O-O 11. a5 Bxf3 12. Nxf3 c5 13. a6 Rc8 14. Bb5 Qc7 15.
c3 Rfd8 16. Qe2 Bd6 17. Ra4 Nf8 18. g3 Ng6 19. Rd1 Bf8 20. Kg2 Ne8 21. h4 Rd5
22. h5 Rxh5 23. d5 Nd6 24. dxe6 Nxb5 25. Qxb5 Bd6 26. Qd7 Rd8 27. exf7+ Kf8 28.
Qg4 Qc6 29. Qxh5 Qxa4 30. Qxh7 Kxf7 31. Qh5 Qe4 32. Re1 Rh8 33. Rxe4 Rxh5 34.
Ng5+ Rxg5 35. Bxg5 Nf8 36. Bf4 Bxf4 37. Rxf4+ Ke7 38. Rxf8 1-0

[Event "Dutch League 2023-24"]
[Site "Netherlands NED"]
[Date "2024.04.20"]
[Round "9.3"]
[White "De Rover, Yong Hoon"]
[Black "Elgersma, Onno"]
[Result "1/2-1/2"]
[WhiteTitle "IM"]
[BlackTitle "FM"]
[WhiteElo "2317"]
[BlackElo "2352"]
[WhiteTeam "De Waagtoren"]
[BlackTeam "Kennemer Combinatie"]
[WhiteFideId "1010298"]
[BlackFideId "1053531"]
[EventDate "2023.09.16"]
[EventType "team"]

1. e4 e6 2. d4 d5 3. Nc3 Nf6 4. Bg5 dxe4 5. Nxe4 Be7 6. Bxf6 gxf6 7. Nf3 f5 8.
Nc3 a6 9. g3 b5 10. Bg2 Bb7 11. O-O O-O 12. Ne5 Bxg2 13. Kxg2 b4 14. Na4 Qd5+
15. Qf3 Qxf3+ 16. Nxf3 1/2-1/2

[Event "Dutch League 2023-24"]
[Site "Netherlands NED"]
[Date "2024.04.20"]
[Round "9.4"]
[White "Vrolijk, Liam"]
[Black "Vlaming, Jos"]
[Result "1-0"]
[WhiteTitle "GM"]
[WhiteElo "2556"]
[BlackElo "2029"]
[WhiteTeam "Kennemer Combinatie"]
[BlackTeam "De Waagtoren"]
[WhiteFideId "1048333"]
[BlackFideId "1005219"]
[EventDate "2023.09.16"]
[EventType "team"]

1. c4 e6 2. Nc3 d5 3. d4 c5 4. e3 Nf6 5. Nf3 a6 6. cxd5 exd5 7. b3 Nbd7 8. Bb2
Be7 9. g3 O-O 10. Bg2 b5 11. dxc5 Nxc5 12. O-O Bb7 13. Ne2 Qb6 14. Rc1 Rfd8 15.
Nf4 b4 16. Bd4 Qa5 17. Nh4 Nfe4 18. Qg4 Bf6 19. Rxc5 1-0

[Event "Dutch League 2023-24"]
[Site "Netherlands NED"]
[Date "2024.04.20"]
[Round "9.5"]
[White "Reinderman, Dimitri"]
[Black "Nijboer, Friso"]
[Result "1-0"]
[WhiteTitle "GM"]
[BlackTitle "GM"]
[WhiteElo "2573"]
[BlackElo "2473"]
[WhiteTeam "De Waagtoren"]
[BlackTeam "Kennemer Combinatie"]
[WhiteFideId "1001302"]
[BlackFideId "1000063"]
[EventDate "2023.09.16"]
[EventType "team"]

1. c4 g6 2. Nc3 Bg7 3. Nf3 d6 4. d4 Nf6 5. e4 O-O 6. Be2 e5 7. d5 Nbd7 8. Bg5 h6
9. Bh4 a5 10. Nd2 Nc5 11. O-O Bd7 12. Rb1 Qe8 13. b3 Nh7 14. f3 h5 15. a3 Bh6
16. b4 axb4 17. axb4 Be3+ 18. Bf2 Bxf2+ 19. Rxf2 Na4 20. Nxa4 Rxa4 21. c5 Bb5
22. Qf1 Bxe2 23. Qxe2 Ra2 24. Qc4 Qa4 25. b5 dxc5 26. Qxc5 Nf6 27. Rbf1 Rc2 28.
Qe7 Qa7 29. Qxf6 Rxd2 30. b6 1-0

[Event "Dutch League 2023-24"]
[Site "Netherlands NED"]
[Date "2024.04.20"]
[Round "9.6"]
[White "Pham, Khoi"]
[Black "Agter, Frank"]
[Result "1-0"]
[WhiteTitle "FM"]
[WhiteElo "2396"]
[BlackElo "2244"]
[WhiteTeam "Kennemer Combinatie"]
[BlackTeam "De Waagtoren"]
[WhiteFideId "1054988"]
[BlackFideId "1017349"]
[EventDate "2023.09.16"]
[EventType "team"]

1. d4 d5 2. c4 Nc6 3. Nf3 Bg4 4. e3 e6 5. Qb3 Bxf3 6. gxf3 Bb4+ 7. Nc3 Nge7 8.
Bd2 O-O 9. cxd5 Nxd5 10. a3 Bxc3 11. bxc3 Qf6 12. f4 Qg6 13. Qb1 Rad8 14. Bd3
Qh5 15. h4 Rfe8 16. Be2 Qh6 17. Qxb7 Rd6 18. Qb5 Rb8 19. Qd3 Na5 20. c4 Nb3 21.
Rb1 Rdb6 22. cxd5 Nc5 23. dxc5 Rxb1+ 24. Bd1 Qh5 25. Bb4 Qxd5 26. Qxd5 exd5 27.
Kd2 Ra1 28. Rg1 g6 29. h5 a5 30. Bc3 Rxa3 31. f5 Rb5 32. hxg6 fxg6 33. fxg6 hxg6
34. Rxg6+ Kf8 35. Rc6 Ra2+ 36. Bc2 Rb1 37. e4 dxe4 38. Rxc7 a4 39. Ra7 Rb5 40.
Rxa4 1-0

[Event "Dutch League 2023-24"]
[Site "Netherlands NED"]
[Date "2024.04.20"]
[Round "9.7"]
[White "Van Tellingen, Frank"]
[Black "Pardo Simon, David"]
[Result "1/2-1/2"]
[WhiteTitle "FM"]
[BlackTitle "IM"]
[WhiteElo "2275"]
[BlackElo "2448"]
[WhiteTeam "De Waagtoren"]
[BlackTeam "Kennemer Combinatie"]
[WhiteFideId "1011421"]
[BlackFideId "2296276"]
[EventDate "2023.09.16"]
[EventType "team"]

1. e4 d6 2. d4 Nf6 3. Nc3 e5 4. Nf3 Nbd7 5. Bc4 Be7 6. a4 O-O 7. O-O c6 8. h3 h6
9. Re1 Re8 10. Be3 exd4 11. Bxd4 Nf8 12. Qd3 Be6 13. Rad1 Qa5 14. Nh4 N6d7 15.
Qg3 Qg5 16. Bxe6 fxe6 17. Qxg5 Bxg5 18. Nf3 Be7 19. Nd2 a6 20. a5 d5 21. exd5
exd5 22. Na4 Bb4 23. Bc3 Bd6 24. Nb3 Kf7 25. Nd4 Bc7 26. Nf5 Ne6 27. Re3 Nf6 28.
Rf3 Ng5 29. Rfd3 Nge4 30. Bd4 Nh5 31. Rb3 Reb8 32. g4 Nhf6 33. f3 Ng5 34. Kg2
Ne6 35. Nc5 Nxd4 36. Rxd4 b6 1/2-1/2

[Event "Dutch League 2023-24"]
[Site "Netherlands NED"]
[Date "2024.04.20"]
[Round "9.8"]
[White "Grutter, Tim"]
[Black "De Ruiter, Danny"]
[Result "1-0"]
[WhiteTitle "FM"]
[BlackTitle "FM"]
[WhiteElo "2317"]
[BlackElo "2251"]
[WhiteTeam "Kennemer Combinatie"]
[BlackTeam "De Waagtoren"]
[WhiteFideId "1057472"]
[BlackFideId "1020650"]
[EventDate "2023.09.16"]
[EventType "team"]

1. e4 c5 2. Nf3 e6 3. d4 cxd4 4. Nxd4 Nc6 5. Nc3 Qc7 6. Be2 a6 7. Nxc6 dxc6 8.
Qd3 e5 9. Qg3 Nf6 10. O-O h5 11. Bg5 Be7 12. Qh4 Be6 13. Rad1 Rd8 14. Kh1 Rd4
15. f3 Qb6 16. Rxd4 exd4 17. Nd1 Qc5 18. Bd3 Nd7 19. Bxe7 Qxe7 20. Qg3 O-O 21.
f4 f5 22. Qg6 fxe4 23. Qxe4 Nf6 24. Qxd4 Rd8 25. Qe5 Qf7 26. Ne3 Re8 27. Qg5 Re7
28. Bg6 Qf8 29. Nf5 Rd7 30. Ng3 Bc4 31. Rg1 Rd5 32. f5 Qc5 33. h3 Rd7 34. b3 Bd5
35. c4 Be4 36. Nxh5 Nxh5 37. Qxh5 Qd4 38. c5 Kf8 39. Qh8+ Ke7 40. Re1 Kf6 41.
Qh4+ Ke5 42. f6 1-0

[Event "Dutch League 2023-24"]
[Site "Netherlands NED"]
[Date "2024.04.20"]
[Round "9.9"]
[White "Keetman, Maaike"]
[Black "Godzwon, Iwo"]
[Result "0-1"]
[WhiteTitle "WFM"]
[BlackTitle "FM"]
[WhiteElo "2118"]
[BlackElo "2402"]
[WhiteTeam "De Waagtoren"]
[BlackTeam "Kennemer Combinatie"]
[WhiteFideId "1033697"]
[BlackFideId "21802483"]
[EventDate "2023.09.16"]
[EventType "team"]

1. e4 c5 2. c3 d5 3. exd5 Qxd5 4. d4 Nf6 5. Nf3 e6 6. Na3 Nc6 7. Be3 cxd4 8. Nb5
Qd7 9. Nbxd4 Nd5 10. Bb5 a6 11. Bxc6 bxc6 12. Ne5 Qc7 13. Qa4 Nxe3 14. fxe3 Bc5
15. Qxc6+ Qxc6 16. Nexc6 Bb7 17. Kf2 Rc8 18. Na5 Be4 19. b4 Bb6 20. Nab3 e5 21.
Ne2 Rc6 22. Nd2 Bd3 23. c4 Rf6+ 24. Ke1 Bxe3 25. c5 Rf2 0-1

[Event "Dutch League 2023-24"]
[Site "Netherlands NED"]
[Date "2024.04.20"]
[Round "9.10"]
[White "Boulahfa, Hicham"]
[Black "Van der Meiden, Dirk"]
[Result "1-0"]
[WhiteElo "1996"]
[BlackElo "1974"]
[WhiteTeam "Kennemer Combinatie"]
[BlackTeam "De Waagtoren"]
[WhiteFideId "1024663"]
[BlackFideId "1012061"]
[EventDate "2023.09.16"]
[EventType "team"]

1. e4 Nf6 2. Nc3 e5 3. Bc4 Nc6 4. d3 Na5 5. Bb3 Nxb3 6. axb3 d5 7. Bg5 Bb4 8.
Bxf6 gxf6 9. exd5 Qxd5 10. Qf3 Qxf3 11. Nxf3 c6 12. O-O O-O 13. Ne4 Be7 14. Ng3
Rd8 15. Nh4 Bf8 16. Ra4 Be6 17. Nhf5 h6 18. Re1 b5 19. Rh4 Kh7 20. Ree4 c5 21.
Reg4 Rd4 22. Nh5 Rxg4 23. Rxg4 Kh8 24. Nxf6 Be7 25. Nxe7 Bxg4 26. Nxg4 e4 27.
dxe4 Re8 28. Nf5 Rxe4 29. Nge3 c4 30. bxc4 bxc4 31. c3 Re5 32. Nd6 1-0

[Event "Dutch League 2023-24"]
[Site "Netherlands NED"]
[Date "2024.04.20"]
[Round "9.1"]
[White "Fernandez, Daniel Howard"]
[Black "Smeets, Kobe"]
[Result "1-0"]
[WhiteTitle "GM"]
[BlackTitle "FM"]
[WhiteElo "2528"]
[BlackElo "2274"]
[WhiteTeam "HMC Den Bosch"]
[BlackTeam "Paul Keres"]
[WhiteFideId "5801605"]
[BlackFideId "1063910"]
[EventDate "2023.09.16"]
[EventType "team"]

1. e4 c5 2. Nf3 e6 3. b3 Nc6 4. Bb2 a6 5. g3 d5 6. exd5 exd5 7. Qe2+ Qe7 8.
Qxe7+ Ngxe7 9. Nc3 Nb4 10. O-O-O Bf5 11. Nh4 Bxc2 12. Re1 d4 13. Na4 Rc8 14. Ba3
Bd3 15. Bh3 Rc6 16. Kb2 a5 17. Bg2 Rf6 18. Nxc5 Rxf2 19. Bxb4 axb4 20. Kc1 Bg6
21. Bxb7 Kd8 22. Rhf1 Rxf1 23. Rxf1 Nf5 24. Nxg6 hxg6 25. Nd3 Rxh2 26. g4 Nd6
27. Bd5 f5 28. Nxb4 Kc7 29. Nc2 d3 30. Nd4 Ne4 31. Bxe4 Ba3+ 32. Kd1 fxe4 33.
Nb5+ Kc6 34. Nxa3 e3 35. dxe3 Rxa2 36. Nb1 Kc5 37. Rf7 Ra1 38. Rc7+ Kd6 39. Rc1
Ra8 40. Rc3 Kd5 1-0

[Event "Dutch League 2023-24"]
[Site "Netherlands NED"]
[Date "2024.04.20"]
[Round "9.2"]
[White "Kerigan, Demre"]
[Black "Bosch, Jeroen"]
[Result "1/2-1/2"]
[WhiteTitle "IM"]
[BlackTitle "IM"]
[WhiteElo "2362"]
[BlackElo "2404"]
[WhiteTeam "Paul Keres"]
[BlackTeam "HMC Den Bosch"]
[WhiteFideId "6307841"]
[BlackFideId "1001280"]
[EventDate "2023.09.16"]
[EventType "team"]

1. e4 e5 2. Nf3 Nf6 3. Nc3 Nc6 4. g3 d5 5. exd5 Nd4 6. Bg2 Bg4 7. h3 Bxf3 8.
Bxf3 Nxf3+ 9. Qxf3 Bb4 10. O-O O-O 11. d3 Bxc3 12. bxc3 Qxd5 13. Qxd5 Nxd5 14.
Re1 Rfe8 15. Rb1 b6 16. Bd2 f6 17. c4 Ne7 18. f4 exf4 19. Bxf4 c5 20. Kf2 Kf7
21. Bd2 Nc6 22. Bc3 h5 23. Rxe8 Rxe8 24. a4 Rb8 25. Ke3 Ke6 26. Rf1 Re8 27. Kd2
Kd6 28. Rf5 Rh8 29. h4 Ne7 30. Rf1 Rh6 31. Ke3 Rg6 32. Rf3 Ke6 33. Be1 Nf5+ 34.
Kd2 Rg4 35. c3 g5 36. hxg5 fxg5 37. Ke2 Ke5 38. Bf2 h4 39. gxh4 gxh4 40. Rh3 Kf4
41. Rf3+ Kg5 42. Kf1 Rf4 43. Kg2 Kg4 44. Rxf4+ Kxf4 45. d4 cxd4 46. cxd4 Ke4 47.
c5 Kd5 48. cxb6 axb6 49. Kh3 Nd6 50. Bxh4 Nc4 51. Bd8 Kxd4 52. Bxb6+ Nxb6 1/2-1/2